[Event "Ïåðâåíñòâî Ìîñêâû ïî øàõìàòàì 2015 ñðåäè ìàëü÷èêîâ (Ì13)"]
[Site "Moscow"]
[Date "2015.11.12"]
[Round "1.31"]
[White "Àõìåòøèí, Àëåêñàíäð"]
[Black "Ëóòàí, Ãëåá"]
[Result "1-0"]
[WhiteElo "1617"]
[BlackElo "1320"]
[PlyCount "0"]
[EventDate "2015.11.12"]

1.e4 c6 2.d4 d5 3.e5 Bf5 4.g4 Bg6 5.h4 h6 6.h5 Bh7 7.e6 fxe6
8.Bd3 Nf6 9.Bxh7 Nxh7 10.Qd3 Nf6 11.Qg6+ Kd7 12.Nf3 Qe8 13.Ne5+
Kc8 14.Nf7 Rg8 15.f4 Kd7 16.g5 Na6 17.Ne5+ Kd8 18.gxf6 Qxg6 19.fxe7+
Bxe7 20.Nxg6 Bf6 21.c3 c5 22.Be3 cxd4 23.Bxd4 Bxd4 24.cxd4 Nb4
25.Kd2 Rc8 26.Nc3 Nc6 27.Ke3 Nb4 28.Rac1 Kd7 29.a3 Nc6 1-0

[Event "Ïåðâåíñòâî Ìîñêâû ïî øàõìàòàì 2015 ñðåäè ìàëü÷èêîâ (Ì13)"]
[Site "Moscow"]
[Date "2015.11.12"]
[Round "1.32"]
[White "Ãåðàñèìîâ, Âàäèì"]
[Black "Î÷èðîâ, Ëèäæè"]
[Result "1/2-1/2"]
[WhiteElo "1299"]
[BlackElo "1605"]
[PlyCount "0"]
[EventDate "2015.11.12"]

1.e4 c6 2.d4 d5 3.Nc3 dxe4 4.Nxe4 Bf5 5.Ng3 Bg6 6.Nf3 Nf6 7.Ne5
e6 8.Nxg6 hxg6 9.Be2 Bd6 10.O-O Nbd7 11.c4 O-O 12.Bd2 c5 13.Bc3
Rc8 14.Rc1 Qb6 15.Bf3 cxd4 16.Bxd4 Bc5 17.Bxc5 Nxc5 18.Qe2 Rfd8
19.Rfd1 Na6 20.b3 Nb4 21.Ne4 Nxe4 22.Bxe4 Nc6 23.Bxc6 Qxc6 24.h3
Qb6 25.Rxd8+ Rxd8 26.Rd1 1/2-1/2

[Event "Ïåðâåíñòâî Ìîñêâû ïî øàõìàòàì 2015 ñðåäè ìàëü÷èêîâ (Ì13)"]
[Site "Moscow"]
[Date "2015.11.12"]
[Round "1.33"]
[White "Äóíàåâ, Äåíèñ"]
[Black "Ïåòóõîâ, Íèêèòà"]
[Result "1-0"]
[WhiteElo "1594"]
[BlackElo "1246"]
[PlyCount "0"]
[EventDate "2015.11.12"]

1.d4 Nf6 2.Nf3 g6 3.g3 Bg7 4.Bg2 d6 5.c3 O-O 6.O-O Re8 7.Re1
Nbd7 8.Bf4 Nd5 9.Bd2 N7b6 10.a4 a5 11.e4 Nf6 12.Bg5 h6 13.Bf4
Bd7 14.b3 Nh5 15.Be3 e5 16.d5 f5 17.Nh4 Nf6 18.Bxb6 cxb6 19.Nxg6
fxe4 20.Nh4 Bg4 21.Qd2 Bf3 22.Nxf3 exf3 23.Bxf3 e4 24.Bg2 Re5
25.c4 Qe7 26.Nc3 Re8 27.Bh3 Nh5 28.Be6+ Rxe6 29.dxe6 Qxe6 30.Rxe4
Qxe4 31.Nxe4 1-0

[Event "Ïåðâåíñòâî Ìîñêâû ïî øàõìàòàì 2015 ñðåäè ìàëü÷èêîâ (Ì13)"]
[Site "Moscow"]
[Date "2015.11.13"]
[Round "2.1"]
[White "Àí÷èêîâ, Âëàäèìèð"]
[Black "Ïîãîñÿí, Ñòåôàí"]
[Result "0-1"]
[WhiteElo "1691"]
[BlackElo "2057"]
[PlyCount "0"]
[EventDate "2015.11.12"]

1.d4 Nf6 2.c4 g6 3.Nf3 Bg7 4.g3 O-O 5.Bg2 d6 6.Nc3 c6 7.O-O Qa5
8.e4 Qh5 9.e5 dxe5 10.Nxe5 Qxd1 11.Rxd1 Nbd7 12.f4 Nb6 13.b3
Be6 14.Ba3 Rfe8 15.Nxc6 bxc6 16.Bxc6 Rac8 17.Bxe8 Rxe8 18.Nb5
Bg4 19.Re1 a6 20.Nc7 Rc8 21.Bc5 Nfd7 22.Nxa6 Nxc5 23.dxc5 Bxa1
24.Rxa1 Nd7 25.b4 Bf3 26.a4 Kf8 27.Kf2 Bb7 28.b5 Bxa6 29.bxa6
Nxc5 30.Rb1 Nxa6 31.Rb6 Nc5 32.a5 Ne4+ 33.Ke3 Nd6 34.Kd3 Nxc4
35.Ra6 Nd6 36.Rb6 Ra8 37.a6 Nc8 38.Rc6 Ke8 39.Kc4 Kd7 40.Kd5
Ra7 41.h3 Rc7 42.a7 Rxc6 0-1

[Event "Ïåðâåíñòâî Ìîñêâû ïî øàõìàòàì 2015 ñðåäè ìàëü÷èêîâ (Ì13)"]
[Site "Moscow"]
[Date "2015.11.13"]
[Round "2.2"]
[White "Ïðèâàëîâ, Èãîðü"]
[Black "Àáäóðàèìîâ, Ýñìåò"]
[Result "1-0"]
[WhiteElo "2011"]
[BlackElo "1688"]
[PlyCount "0"]
[EventDate "2015.11.12"]

1.e4 e5 2.Nf3 d6 3.d4 exd4 4.Nxd4 Nf6 5.Nc3 Nbd7 6.Be2 Be7 7.O-O
O-O 8.Re1 Nc5 9.Bf1 Re8 10.b4 Ne6 11.Nf5 a5 12.Nxe7+ Rxe7 13.e5
dxe5 14.Qxd8+ Nxd8 15.Bg5 Bf5 16.Bxf6 gxf6 17.Nd5 Kf8 18.Nxe7
Kxe7 19.f4 Nc6 20.fxe5 fxe5 21.b5 Nd4 22.c3 Nc2 23.Rxe5+ Kd6
24.Rxf5 Nxa1 25.Bd3 Re8 26.Rf1 Re3 27.Rd1 Kc5 28.Kf2 Rxd3 29.Rxd3
Kxb5 30.Rd7 a4 31.Rxf7 a3 32.Rxh7 Nb3 33.Rxc7 Kb6 34.Rc4 Nd2
35.Ra4 Nb1 36.c4 Kc5 37.g4 Kd4 38.g5 Ke5 39.h4 Kf5 40.c5 Nc3
41.Rxa3 1-0

[Event "Ïåðâåíñòâî Ìîñêâû ïî øàõìàòàì 2015 ñðåäè ìàëü÷èêîâ (Ì13)"]
[Site "Moscow"]
[Date "2015.11.13"]
[Round "2.3"]
[White "×èêîâàíè, Äàâèä"]
[Black "Ìàêàðÿí, Ðóäèê"]
[Result "0-1"]
[WhiteElo "1642"]
[BlackElo "1988"]
[PlyCount "0"]
[EventDate "2015.11.12"]

1.e4 e6 2.d4 d5 3.Nd2 Nc6 4.c3 e5 5.Bb5 exd4 6.cxd4 Nge7 7.e5
Bd7 8.Bxc6 bxc6 9.Ne2 c5 10.O-O cxd4 11.Nxd4 c5 12.Ne2 Nc6 13.Nf4
Be6 14.Nxe6 fxe6 15.Nf3 Be7 16.Qa4 Qd7 17.Qg4 O-O 18.Bh6 Rf7
19.Rae1 Kh8 20.Bg5 Raf8 21.Bxe7 Qxe7 22.Qg5 Qc7 23.Qh4 Rxf3 24.gxf3
Nxe5 25.Rxe5 Qxe5 26.Qe7 Qf6 27.Qxc5 Qxf3 28.Qxa7 h6 29.Qe3 Qh5
30.Qxe6 Rf6 31.Qc8+ Kh7 32.Qc2+ Rg6+ 0-1

[Event "Ïåðâåíñòâî Ìîñêâû ïî øàõìàòàì 2015 ñðåäè ìàëü÷èêîâ (Ì13)"]
[Site "Moscow"]
[Date "2015.11.13"]
[Round "2.4"]
[White "Ñòóêàí, Ìàðòèí"]
[Black "Âäîâèí, Ãåîðãèé"]
[Result "1-0"]
[WhiteElo "1910"]
[BlackElo "1640"]
[PlyCount "0"]
[EventDate "2015.11.12"]

1.e4 c6 2.d4 d5 3.Nc3 dxe4 4.Nxe4 h6 5.Nf3 Bf5 6.Bd3 Bh7 7.Bf4
Nd7 8.Qe2 Bxe4 9.Bxe4 Ngf6 10.Bd3 e6 11.Ne5 Nxe5 12.Bxe5 Bd6
13.O-O-O Qe7 14.Rhe1 O-O-O 15.c3 Bxe5 16.Qxe5 Qc7 17.Bc4 Qxe5
18.Rxe5 Nd5 19.g3 Kc7 20.f4 g6 21.Rde1 Rhe8 22.Kc2 h5 23.h4 a5
24.Bf1 a4 25.Ra1 Ra8 26.c4 Nb6 27.Rae1 Rad8 28.Kc3 Nc8 29.Bg2
Ne7 30.Rd1 Rd7 31.Be4 Red8 32.Ra5 Nf5 33.Bxf5 gxf5 34.Rxa4 c5
35.d5 exd5 36.cxd5 Rxd5 37.Rxd5 Rxd5 38.Ra8 Rd6 39.Rh8 Rg6 40.Rxh5
Rxg3+ 41.Kc4 Kc6 42.a4 Rg4 43.Rxf5 Rxh4 44.Rf6+ Kd7 45.Kxc5 Ke7
46.Rb6 Rxf4 47.Rxb7+ Kd8 48.b4 Kc8 49.Re7 Rf5+ 50.Kb6 Rf4 51.Ka5
f5 52.Rf7 Rf1 53.Kb6 f4 54.a5 f3 55.a6 Re1 56.a7 Re6+ 57.Ka5 1-0

[Event "Ïåðâåíñòâî Ìîñêâû ïî øàõìàòàì 2015 ñðåäè ìàëü÷èêîâ (Ì13)"]
[Site "Moscow"]
[Date "2015.11.13"]
[Round "2.5"]
[White "Âèíîêóð, Ëåîíèä"]
[Black "Òàðàñîâ, Äàíèëà"]
[Result "0-1"]
[WhiteElo "1625"]
[BlackElo "1893"]
[PlyCount "0"]
[EventDate "2015.11.12"]

1.Nf3 d5 2.d4 Nf6 3.g3 e6 4.Bg2 c5 5.O-O Nc6 6.c4 dxc4 7.Qa4
Bd7 8.Qxc4 b5 9.Qd3 c4 10.Qc2 Nb4 11.Qd1 Rc8 12.a3 Nbd5 13.Nc3
Nxc3 14.bxc3 Qa5 15.Bd2 Bd6 16.Qc2 Bc6 17.Nh4 Bxg2 18.Nxg2 O-O
19.f4 Rfd8 20.e4 Bf8 21.Ne3 Rc6 22.e5 Nd5 23.Nxd5 exd5 24.f5
Ra6 25.g4 Qb6 26.g5 Rxa3 27.Rxa3 Bxa3 28.h4 b4 29.f6 b3 30.Qf5
g6 31.Qg4 b2 32.Qd1 Rb8 33.Qb1 Qe6 34.Kh2 Qg4 35.Be1 Qe4 36.Bg3
Qxb1 37.Rxb1 Rb3 38.Be1 a5 39.Kg3 a4 40.Kf4 Bf8 41.h5 a3 42.hxg6
hxg6 0-1

[Event "Ïåðâåíñòâî Ìîñêâû ïî øàõìàòàì 2015 ñðåäè ìàëü÷èêîâ (Ì13)"]
[Site "Moscow"]
[Date "2015.11.13"]
[Round "2.6"]
[White "Ëóïîëîâ, Áîðèñ"]
[Black "Öûìáàë, Åâãåíèé"]
[Result "1-0"]
[WhiteElo "1889"]
[BlackElo "1628"]
[PlyCount "0"]
[EventDate "2015.11.12"]

1.d4 d5 2.c4 e6 3.Nf3 Nf6 4.Bg5 Be7 5.e3 Nbd7 6.Nc3 O-O 7.Qc2
c6 8.cxd5 exd5 9.Bd3 Re8 10.O-O Nf8 11.h3 Bd7 12.Ne5 Rc8 13.Rac1
h6 14.Bh4 Be6 15.a3 N6d7 16.Bxe7 Qxe7 17.f4 Nxe5 18.fxe5 Qg5
19.Rf3 Nd7 20.Kh2 h5 21.b4 h4 22.Bh7+ Kh8 23.Bf5 Rf8 24.Rcf1
g6 25.Bxe6 fxe6 26.Ne2 Kg7 27.Nf4 Rce8 28.Qf2 Qe7 29.Qc2 Qg5
30.g3 Rf5 31.Rg1 Rxf4 32.Rxf4 Qh5 33.gxh4 Rf8 34.Rg5 Qh6 35.Rxg6+ 1-0

[Event "Ïåðâåíñòâî Ìîñêâû ïî øàõìàòàì 2015 ñðåäè ìàëü÷èêîâ (Ì13)"]
[Site "Moscow"]
[Date "2015.11.13"]
[Round "2.7"]
[White "Êóæåëåâ, Òèìóð"]
[Black "Ñóááîòèí, Ìóðàò"]
[Result "1-0"]
[WhiteElo "1594"]
[BlackElo "1862"]
[PlyCount "0"]
[EventDate "2015.11.12"]

1.e4 e5 2.Nc3 Nf6 3.f4 exf4 4.d4 d5 5.e5 Ng8 6.Bxf4 Bb4 7.Bd3
Nc6 8.Nf3 Bg4 9.Be2 Nge7 10.Bg5 h6 11.Bxe7 Nxe7 12.O-O Nf5 13.Qd3
O-O 14.h3 Bxf3 15.Bxf3 Bxc3 16.bxc3 Nh4 17.Qe3 Nxf3+ 18.Rxf3
Qd7 19.Rg3 Qc6 20.Rf1 Rae8 21.Qd2 Re6 22.c4 Qxc4 23.Rf6 Rxf6
24.exf6 g6 25.Rc3 Qb4 26.Qe3 Qd6 27.Qe7 Qf4 28.Rxc7 Qxd4+ 29.Kh1
Qa1+ 30.Kh2 Qxa2 31.Qxf8+ Kxf8 32.Rc8# 1-0

[Event "Ïåðâåíñòâî Ìîñêâû ïî øàõìàòàì 2015 ñðåäè ìàëü÷èêîâ (Ì13)"]
[Site "Moscow"]
[Date "2015.11.13"]
[Round "2.8"]
[White "Ïîëÿêîâ, Àíòîí"]
[Black "Àõìåòøèí, Àëåêñàíäð"]
[Result "1-0"]
[WhiteElo "1797"]
[BlackElo "1617"]
[PlyCount "0"]
[EventDate "2015.11.12"]

1.e4 e6 2.d4 d5 3.e5 c5 4.c3 Ne7 5.Nf3 Nec6 6.Be3 Qb6 7.Qc2 Be7
8.Nbd2 O-O 9.Bd3 h6 10.a3 c4 11.Be2 Bd7 12.Bd1 Qc7 13.Qc1 b5
14.Bc2 f5 15.exf6 Bxf6 16.Bb1 Kf7 17.Qc2 Ke7 18.O-O Kd8 19.g3
Be8 20.Bf4 Qd7 21.Re1 g5 22.Be3 Qg7 23.Kg2 Ne7 24.b3 Nbc6 25.bxc4
bxc4 26.Qa4 Nc8 27.Qd1 Bd7 28.Bc2 Nb6 29.Ba4 h5 30.Rb1 Rb8 31.Bxc6
Bxc6 32.Kg1 Rb7 33.Ne5 Bxe5 34.dxe5 g4 35.Bxb6+ Rxb6 36.Rxb6
axb6 37.Nxc4 Kc7 38.Nd6 Rf3 39.Qd4 Qh7 40.Qd2 h4 41.Qg5 hxg3
42.hxg3 Qc2 43.Rf1 Rxc3 44.Qe7+ Kb8 45.Qd8+ Ka7 46.Qc7+ Ka6 47.Nc8
Kb5 48.Qxb6+ Ka4 49.Qb4# 1-0

[Event "Ïåðâåíñòâî Ìîñêâû ïî øàõìàòàì 2015 ñðåäè ìàëü÷èêîâ (Ì13)"]
[Site "Moscow"]
[Date "2015.11.13"]
[Round "2.9"]
[White "Ìîðîçîâ, Ôåäîð"]
[Black "Áóþêëè, Åãîð"]
[Result "0-1"]
[WhiteElo "1574"]
[BlackElo "1783"]
[PlyCount "0"]
[EventDate "2015.11.12"]

1.e4 e6 2.d4 d5 3.exd5 exd5 4.Bd3 Nc6 5.Nf3 Bd6 6.O-O Nge7 7.Be3
O-O 8.h3 Nb4 9.c3 Nxd3 10.Qxd3 Bf5 11.Qb5 Qc8 12.Nbd2 Ng6 13.Qxd5
Rd8 14.Qb3 Bxh3 15.gxh3 Qxh3 16.Qxf7+ Kh8 17.Rfe1 Rf8 18.Qd5
Nh4 19.Ne5 Rf3 20.Qxf3 Nxf3+ 21.Ndxf3 Rf8 22.Ng5 Qf5 23.Ngf3
h6 24.Nh4 Qc2 25.Nhg6+ Kg8 26.Nxf8 Kxf8 27.Nc4 Qg6+ 28.Kf1 Qd3+
29.Kg2 Qxc4 30.Rg1 Qe2 31.Rab1 Qc4 32.Kf3 Qxa2 33.Ke2 Qc4+ 34.Kd2
Qb3 35.Rg6 Kf7 36.Rg2 b5 37.Kd3 Qc4+ 38.Kd2 b4 39.Rbg1 g5 40.f4
Qb3 41.Kd3 gxf4 42.Rf2 bxc3 43.bxc3 Qb5+ 44.Kc2 Kf6 45.Bxf4 Qf5+
46.Kd1 Bxf4 47.Rgf1 Qd3+ 48.Ke1 Qe3+ 49.Kd1 Qc1+ 50.Ke2 Qd2+
51.Kf3 Qe3+ 52.Kg2 Qg3+ 53.Kh1 Qh3+ 54.Kg1 Qg3+ 55.Kh1 Kf5 0-1

[Event "Ïåðâåíñòâî Ìîñêâû ïî øàõìàòàì 2015 ñðåäè ìàëü÷èêîâ (Ì13)"]
[Site "Moscow"]
[Date "2015.11.13"]
[Round "2.10"]
[White "Äóäèí, Ãëåá"]
[Black "Äóíàåâ, Äåíèñ"]
[Result "1-0"]
[WhiteElo "1776"]
[BlackElo "1594"]
[PlyCount "0"]
[EventDate "2015.11.12"]

1.c4 Nf6 2.g3 g6 3.Bg2 Bg7 4.Nf3 c6 5.O-O O-O 6.Qc2 d5 7.b3 Bf5
8.d3 dxc4 9.bxc4 Nfd7 10.Bb2 Qc7 11.Bxg7 Kxg7 12.Nc3 Nf6 13.Rab1
Na6 14.e4 Be6 15.Nd4 Rad8 16.Nxe6+ fxe6 17.Ne2 g5 18.h3 h6 19.d4
Nb8 20.e5 Ne8 21.Qe4 Rf5 22.g4 Rf7 23.h4 Nd7 24.Rb3 Nb6 25.h5
Kh8 26.Qg6 Rh7 27.Be4 Rg7 28.Qxh6+ Kg8 29.Rf3 Qd7 30.Bh7+ Kh8
31.Rf8+ 1-0

[Event "Ïåðâåíñòâî Ìîñêâû ïî øàõìàòàì 2015 ñðåäè ìàëü÷èêîâ (Ì13)"]
[Site "Moscow"]
[Date "2015.11.13"]
[Round "2.11"]
[White "×åðâîíåíêèñ, Áîðèñ"]
[Black "Èâëåâ, Àëåêñàíäð"]
[Result "0-1"]
[WhiteElo "1766"]
[BlackElo "1588"]
[PlyCount "0"]
[EventDate "2015.11.12"]

1.e4 c6 2.d4 d5 3.Nc3 dxe4 4.Nxe4 Bf5 5.Ng3 Bg6 6.Nh3 Nf6 7.Bc4
Nbd7 8.O-O h6 9.Nf4 Bh7 10.Re1 e6 11.Bxe6 fxe6 12.Nxe6 Qc8 13.Nxg7+
Kf7 14.N7f5 Bxf5 15.Nxf5 Nb6 16.Qf3 Qd7 17.Qd3 Qd5 18.Bf4 Qc4
19.Qd2 h5 20.Re5 Nbd7 21.b3 Qb4 22.c3 Qb6 23.Re2 Qb5 24.Qc2 Re8
25.Rae1 Rxe2 26.Rxe2 h4 27.a4 Qd5 28.c4 Qa5 29.h3 Rh5 30.Nd6+
Bxd6 31.Bxd6 Qf5 32.Re7+ Kg6 33.Qxf5+ Kxf5 34.Kf1 Rh7 35.Re3
Ne4 36.Bb4 Ndf6 37.Ke2 Rd7 38.Rf3+ Kg5 39.Kd3 c5 40.Bc3 Nxc3
41.Kxc3 Rxd4 42.Kc2 Rf4 43.Rxf4 Kxf4 44.Kd3 Ne4 45.f3 Ng3 46.a5
Nf5 47.Kc3 Ne3 48.b4 b6 0-1

[Event "Ïåðâåíñòâî Ìîñêâû ïî øàõìàòàì 2015 ñðåäè ìàëü÷èêîâ (Ì13)"]
[Site "Moscow"]
[Date "2015.11.13"]
[Round "2.12"]
[White "Æåðäåâ, Ñâÿòîñëàâ"]
[Black "Áåëèêîâ, Ñåìåí"]
[Result "0-1"]
[WhiteElo "1519"]
[BlackElo "1724"]
[PlyCount "0"]
[EventDate "2015.11.12"]

1.e4 e5 2.Nf3 Nc6 3.Bb5 Bc5 4.c3 f5 5.d4 fxe4 6.Bxc6 dxc6 7.Nxe5
Bd6 8.O-O Nf6 9.Bg5 Qe7 10.Bf4 Be6 11.Nd2 O-O-O 12.Qe2 Bf5 13.Rfe1
Rhe8 14.Rad1 Qf8 15.Ndc4 Be6 16.Nd2 Bf5 17.b4 Nd5 18.Bg5 Nxc3
19.Qc4 Nxd1 20.Bxd8 Nxf2 21.Bxc7 Bxc7 22.Rf1 Bxe5 23.dxe5 e3
24.Nb3 Bd3 25.Qc1 Bxf1 26.Qxf1 Rd8 0-1

[Event "Ïåðâåíñòâî Ìîñêâû ïî øàõìàòàì 2015 ñðåäè ìàëü÷èêîâ (Ì13)"]
[Site "Moscow"]
[Date "2015.11.13"]
[Round "2.13"]
[White "Ëóêüÿíåíêî, Àðòåìèé"]
[Black "Êàëèòà, Äàíèèë"]
[Result "1-0"]
[WhiteElo "1711"]
[BlackElo "1448"]
[PlyCount "0"]
[EventDate "2015.11.12"]

1.Nf3 d5 2.d4 e6 3.e3 c5 4.b3 Nc6 5.Bb2 Nf6 6.Nbd2 b6 7.Be2 Bb7
8.O-O Be7 9.c4 Rc8 10.cxd5 exd5 11.dxc5 bxc5 12.Bb5 a6 13.Bxc6+
Bxc6 14.Ne5 Bb7 15.Ndf3 O-O 16.Qe2 Re8 17.Ng5 Rf8 18.f4 h6 19.Ngf3
Ne4 20.Rfd1 Bh4 21.Nxh4 Qxh4 22.Nd7 Rfd8 23.Nb6 Rc6 24.Nxd5 Rg6
25.Nf6+ Nxf6 26.Rxd8+ Kh7 27.Rd2 Bxg2 28.Qxg2 Rxg2+ 29.Rxg2 Ng4
30.Rd1 f6 31.Bc1 Nf2 32.Rd7 Ng4 33.Bd2 Qh3 34.Rd3 Qf3 35.Bc1
Qe4 36.Rd7 Qe6 37.Rd1 Nxe3 38.Re1 c4 39.Rxe3 Qd6 40.Bd2 1-0

[Event "Ïåðâåíñòâî Ìîñêâû ïî øàõìàòàì 2015 ñðåäè ìàëü÷èêîâ (Ì13)"]
[Site "Moscow"]
[Date "2015.11.13"]
[Round "2.14"]
[White "Ìèøóðèñ, Ìàòâåé"]
[Black "Èâàíîâ, Ñòåïàí"]
[Result "1-0"]
[WhiteElo "1693"]
[BlackElo "1381"]
[PlyCount "0"]
[EventDate "2015.11.12"]

1.c4 e5 2.Nc3 Bb4 3.g3 Bxc3 4.bxc3 d6 5.Bg2 f5 6.e3 Nf6 7.Ne2
O-O 8.O-O Nc6 9.d4 e4 10.Ba3 Bd7 11.c5 d5 12.Rc1 Na5 13.c6 Bxc6
14.Bxf8 Qxf8 15.Bh3 g6 16.Nf4 Qe7 17.Re1 g5 18.Nh5 g4 19.Nxf6+
Qxf6 20.Bf1 Qf7 21.Qc2 b5 22.Rb1 a6 23.Qb2 Qe7 24.a3 Kf7 25.Qb4
Nb7 26.Rb2 Ke8 27.Reb1 Qxb4 28.axb4 Nd6 29.Ra2 Nc8 30.Rba1 Kd7
31.Rxa6 Rxa6 32.Rxa6 Nb6 33.Ra5 Na4 34.Bxb5 Bxb5 35.Rxb5 Nxc3
36.Rc5 Na4 37.Rxd5+ 1-0

[Event "Ïåðâåíñòâî Ìîñêâû ïî øàõìàòàì 2015 ñðåäè ìàëü÷èêîâ (Ì13)"]
[Site "Moscow"]
[Date "2015.11.13"]
[Round "2.15"]
[White "Ñàõèí, Ëåîíèä"]
[Black "Ñîëîâüåâ, Âëàäèñëàâ"]
[Result "1-0"]
[WhiteElo "1421"]
[BlackElo "1692"]
[PlyCount "0"]
[EventDate "2015.11.12"]

1.e4 c5 2.c3 d6 3.d4 Nf6 4.Bd3 e5 5.d5 Be7 6.Nf3 O-O 7.O-O Nbd7
8.c4 Re8 9.Nc3 Nf8 10.Bd2 Ng6 11.Ne2 Bg4 12.Ng3 h6 13.Be2 Nh7
14.Re1 Ng5 15.Nxg5 Bxe2 16.Qxe2 Bxg5 17.Bxg5 Qxg5 18.Nf5 Red8
19.Qf3 Nf4 20.h4 Qf6 21.g3 Ng6 22.Nxh6+ Kh7 23.Qxf6 gxf6 24.Nf5
Rd7 25.Kg2 Rg8 26.Rh1 Nf4+ 27.Kf3 Nd3 28.b3 a5 29.a3 a4 30.Rad1
Nb2 31.Rd2 b5 32.Rxb2 1-0

[Event "Ïåðâåíñòâî Ìîñêâû ïî øàõìàòàì 2015 ñðåäè ìàëü÷èêîâ (Ì13)"]
[Site "Moscow"]
[Date "2015.11.13"]
[Round "2.16"]
[White "Ñààêÿí, Âààãí"]
[Black "Èëüþøèí, Òèìîôåé"]
[Result "1-0"]
[WhiteElo "1902"]
[BlackElo "1336"]
[PlyCount "0"]
[EventDate "2015.11.12"]

1.e4 e6 2.d4 d5 3.Nd2 c5 4.exd5 exd5 5.c3 Nf6 6.Ngf3 Bf5 7.Bb5+
Nbd7 8.O-O a6 9.Re1+ Be7 10.Bxd7+ Nxd7 11.Qb3 c4 12.Qxb7 Nf6
13.Rxe7+ Qxe7 14.Qxa8+ Qd8 15.Qxd8+ Kxd8 16.Nf1 Re8 17.Ne5 Be6
18.Bg5 h6 19.Bxf6+ gxf6 20.Nf3 Bg4 21.Ne3 Bxf3 22.gxf3 Rg8+ 23.Kf1
Rg5 24.b3 Rh5 25.Kg2 Rg5+ 26.Kh1 f5 27.bxc4 f4 28.Nxd5 1-0

[Event "Ïåðâåíñòâî Ìîñêâû ïî øàõìàòàì 2015 ñðåäè ìàëü÷èêîâ (Ì13)"]
[Site "Moscow"]
[Date "2015.11.13"]
[Round "2.17"]
[White "Ìàêñèìåíêî, Àðñåíèé"]
[Black "Æóêîâ, Àíòîí"]
[Result "1/2-1/2"]
[WhiteElo "1451"]
[BlackElo "1771"]
[PlyCount "0"]
[EventDate "2015.11.12"]

1.e4 e6 2.d4 d5 3.Nd2 a6 4.Ngf3 c5 5.c3 Nc6 6.Be2 cxd4 7.Nxd4
Nxd4 8.cxd4 dxe4 9.Nxe4 Bb4+ 10.Nc3 Be7 11.Be3 Bf6 12.O-O Ne7
13.Ne4 Nd5 14.Nxf6+ Qxf6 15.Qd2 h6 16.Bf3 Qd8 17.Rac1 O-O 18.Bxd5
Qxd5 19.Rc5 Qe4 20.Re1 Qg6 21.Bf4 Bd7 22.Rc3 Qh7 23.Rg3 Kh8 24.d5
exd5 25.Qxd5 Bc6 26.Qd4 Rae8 27.Rd1 Qe4 28.Qxe4 Rxe4 29.Be3 Rfe8
30.h3 Kh7 31.Rf3 R4e7 32.Rf4 Be4 33.Rd6 f5 34.Rh4 Re6 35.Rd7
R8e7 36.Rxe7 Rxe7 37.Bg5 Re6 38.f3 Bd5 39.Rd4 Bxa2 40.Bd2 Rb6
41.Bc3 Be6 42.Kf2 Rc6 43.Ke3 Kg6 44.g4 Kf7 45.Rb4 b5 46.Rd4 Ke7
47.Bb4+ Kf6 48.Bc3 Kf7 49.Kf4 fxg4 50.fxg4 Rc4 51.Rxc4 Bxc4 1/2-1/2

[Event "Ïåðâåíñòâî Ìîñêâû ïî øàõìàòàì 2015 ñðåäè ìàëü÷èêîâ (Ì13)"]
[Site "Moscow"]
[Date "2015.11.13"]
[Round "2.18"]
[White "Êàðàåâ, Àðòóð"]
[Black "Ëåâêèí, Ëåâ"]
[Result "0-1"]
[WhiteElo "1462"]
[BlackElo "1734"]
[PlyCount "0"]
[EventDate "2015.11.12"]

1.e4 c5 2.Nf3 Nc6 3.d4 cxd4 4.Nxd4 Nf6 5.Nc3 e5 6.Nf3 Bb4 7.Bd3
d5 8.exd5 Qxd5 9.Be2 Qxd1+ 10.Bxd1 Ne4 11.Bd2 Nxd2 12.Nxd2 Nd4
13.O-O Bf5 14.Re1 f6 15.Nde4 Rc8 16.a3 Bxe4 17.Rxe4 Bxc3 18.bxc3
Rxc3 19.f4 Nc6 20.Rb1 b6 21.Be2 Rxc2 22.Bb5 Kf7 23.Bxc6 Rxc6
24.fxe5 Re8 25.e6+ Rexe6 26.Rxe6 Kxe6 27.Rb2 Rc5 28.Kf2 Ra5 29.Rb3
f5 30.g3 Ra4 31.Kf3 g5 32.Re3+ Re4 33.Rc3 g4+ 34.Kf2 Ra4 35.Ke2
Ke5 36.Ke3 f4+ 37.gxf4+ Rxf4 38.Rc7 Rf3+ 39.Ke2 Rxa3 40.Rxh7
a6 41.Rh6 b5 42.Rh5+ Kf4 43.Kf2 b4 44.Ke2 a5 45.Kd2 b3 46.Kc3
a4 47.Rh8 Ra2 48.Rf8+ Ke3 49.Re8+ Kf2 50.Rf8+ Kg1 51.Rf4 b2 52.Rxg4+
Kxh2 0-1

[Event "Ïåðâåíñòâî Ìîñêâû ïî øàõìàòàì 2015 ñðåäè ìàëü÷èêîâ (Ì13)"]
[Site "Moscow"]
[Date "2015.11.13"]
[Round "2.20"]
[White "Êóðóñü, Àðòåì"]
[Black "Ãåðàñèìîâ, Âàäèì"]
[Result "1-0"]
[WhiteElo "1630"]
[BlackElo "1299"]
[PlyCount "0"]
[EventDate "2015.11.12"]

1.d4 d5 2.c4 e6 3.Nc3 Nf6 4.Bf4 c6 5.Nf3 Be7 6.e3 O-O 7.cxd5
exd5 8.Bd3 Bg4 9.O-O Nbd7 10.Be2 Bf5 11.Nh4 Be6 12.Nf3 Bf5 13.h3
Re8 14.Bd3 Bxd3 15.Qxd3 Nf8 16.Ne5 Ng6 17.Nxg6 hxg6 18.Ne2 Bd6
19.Bg5 Qc7 20.Bxf6 gxf6 21.g3 Kg7 22.Kg2 Re7 23.h4 Rh8 24.Rh1
Qd7 25.Nc3 Qg4 26.Qe2 Qxe2 27.Nxe2 Ree8 28.Rac1 f5 29.Rc3 Kf6
30.Rb3 Re7 31.Nc3 Kg7 32.Nb1 f6 33.Nd2 Kh6 34.Nf3 Kg7 35.Rd3
Kf7 36.Rdd1 Ke6 37.Kf1 Kf7 38.Ke2 Kg7 39.Rh3 Kf8 1-0

[Event "Ïåðâåíñòâî Ìîñêâû ïî øàõìàòàì 2015 ñðåäè ìàëü÷èêîâ (Ì13)"]
[Site "Moscow"]
[Date "2015.11.13"]
[Round "2.21"]
[White "Î÷èðîâ, Ëèäæè"]
[Black "Ïëàêñèí, Èãîðü"]
[Result "1/2-1/2"]
[WhiteElo "1605"]
[BlackElo "1516"]
[PlyCount "0"]
[EventDate "2015.11.12"]

1.e4 e5 2.Nf3 Nc6 3.Bb5 a6 4.Ba4 Nf6 5.O-O Be7 6.Re1 b5 7.Bb3
d6 8.c3 O-O 9.h3 Na5 10.Bc2 c5 11.d4 Qc7 12.Nbd2 Bd7 13.Nf1 Rac8
14.Ne3 Bc6 15.Nf5 g6 16.Nxe7+ Qxe7 17.Bg5 Nc4 18.Nh2 Nb6 19.Ng4
Nbd7 20.Qf3 Kg7 21.Bh6+ Kg8 22.Bxf8 Kxf8 23.Nxf6 Nxf6 24.dxc5
dxc5 25.Rad1 Nh5 26.Qg4 Rc7 27.Rd2 Nf4 28.Red1 h5 29.Qf3 Qe6
30.Qe3 Bb7 31.b3 Ke7 32.Bd3 Qc6 33.f3 Qf6 34.Bf1 Bc8 35.a4 Bd7
36.axb5 axb5 37.Kh2 Qe6 38.c4 Qa6 39.g3 Ne6 40.f4 exf4 41.gxf4
Nd4 42.f5 gxf5 43.exf5+ Kd8 44.cxb5 Qd6+ 45.Kg1 Qf6 46.Bd3 Nxf5
47.Bxf5 Qxf5 48.Rd5 Qf6 49.Re1 Qg7+ 50.Kh2 Qf8 51.Qg5+ Kc8 52.b6
Rc6 53.Red1 Qe8 54.b7+ Kc7 55.Rxd7+ Kb6 56.Qe7 Qb8+ 57.Qd6 Rxd6
58.R1xd6+ Kb5 59.Kh1 f5 60.Rd5 f4 61.Rf7 Kb4 62.Rxh5 Qd6 63.Rh8
Qd1+ 64.Kg2 Qe2+ 1/2-1/2

[Event "Ïåðâåíñòâî Ìîñêâû ïî øàõìàòàì 2015 ñðåäè ìàëü÷èêîâ (Ì13)"]
[Site "Moscow"]
[Date "2015.11.13"]
[Round "2.22"]
[White "Ðóñòàìîâ, Ñåçãèí"]
[Black "Êèðååâ, Èãîðü"]
[Result "1-0"]
[WhiteElo "1351"]
[BlackElo "1563"]
[PlyCount "0"]
[EventDate "2015.11.12"]

1.e4 e5 2.Nf3 Nc6 3.Bc4 Nf6 4.d3 Bc5 5.O-O O-O 6.Nc3 d6 7.Bg5
h6 8.Bh4 Bg4 9.h3 Bh5 10.Nd5 Nd4 11.Nxf6+ gxf6 12.g4 Bg6 13.c3
Ne6 14.Bxe6 fxe6 15.a4 a5 16.d4 Bb6 17.Qe2 Qe8 18.Kh1 Qc6 19.Rfe1
f5 20.gxf5 exf5 21.d5 Qd7 22.Rg1 Kh7 23.Kh2 fxe4 24.Nd2 Qf5 25.Rg2
Rf7 26.Rag1 Bh5 27.Qxe4 Qxe4 28.Nxe4 Bf3 29.Nf6+ Rxf6 30.Rg7+
Kh8 31.Bxf6 Rf8 32.Rf7# 1-0

[Event "Ïåðâåíñòâî Ìîñêâû ïî øàõìàòàì 2015 ñðåäè ìàëü÷èêîâ (Ì13)"]
[Site "Moscow"]
[Date "2015.11.13"]
[Round "2.23"]
[White "Ïàâëîâ, Èâàí"]
[Black "Ìèíüêî, Äìèòðèé"]
[Result "0-1"]
[WhiteElo "1394"]
[BlackElo "1903"]
[PlyCount "0"]
[EventDate "2015.11.12"]

1.e4 e5 2.Nf3 Nc6 3.Bc4 Nf6 4.d3 h6 5.Nc3 g6 6.h3 Bg7 7.Be3 O-O
8.O-O Kh7 9.d4 exd4 10.Nxd4 d6 11.Nxc6 bxc6 12.Qd3 Nd7 13.Bd4
Bxd4 14.Qxd4 Ne5 15.f4 c5 16.Qd5 c6 17.Qd2 Nxc4 18.Qe2 Nb6 19.a4
a5 20.Qf3 Qe7 21.Rfe1 Ba6 22.f5 Nc4 23.f6 Qe6 24.b3 Ne5 25.Qf4
Rg8 0-1

[Event "Ïåðâåíñòâî Ìîñêâû ïî øàõìàòàì 2015 ñðåäè ìàëü÷èêîâ (Ì13)"]
[Site "Moscow"]
[Date "2015.11.13"]
[Round "2.24"]
[White "Ìàõëèí, Ìèðîí"]
[Black "Èâàñåíêî, Äìèòðèé"]
[Result "1-0"]
[WhiteElo "1726"]
[BlackElo "1428"]
[PlyCount "0"]
[EventDate "2015.11.12"]

1.d4 g6 2.c4 Bg7 3.Nf3 Nf6 4.g3 d6 5.Bg2 Nbd7 6.O-O c6 7.Nc3
O-O 8.h3 Qc7 9.e4 e5 10.Be3 Re8 11.Qc2 b6 12.Rfd1 Bb7 13.Rd2
Rad8 14.Rad1 h6 15.b4 Ba6 16.Qb3 Bb7 17.Ne1 Nh7 18.dxe5 dxe5
19.b5 Nhf6 20.bxc6 Bxc6 21.Nd5 Qb7 22.Nc2 Bxd5 23.cxd5 Bf8 24.Nb4
Bxb4 25.Qxb4 Kg7 26.Rc2 Rc8 27.Rdc1 Rxc2 28.Rxc2 Rc8 29.Qb2 Rxc2
30.Qxc2 Qa6 31.Bf1 Qa4 32.Qxa4 a5 33.Bb5 Nc5 34.Bxc5 bxc5 35.d6
c4 36.d7 Nxd7 37.Bxd7 c3 38.Qc2 h5 39.Qxc3 g5 40.Qxe5+ Kg6 41.Bf5+
Kh6 42.Qf6# 1-0

[Event "Ïåðâåíñòâî Ìîñêâû ïî øàõìàòàì 2015 ñðåäè ìàëü÷èêîâ (Ì13)"]
[Site "Moscow"]
[Date "2015.11.13"]
[Round "2.25"]
[White "Ñìåëûõ, Ýäâèí"]
[Black "Àðáóçîâ, Òèìîôåé"]
[Result "1-0"]
[WhiteElo "1381"]
[BlackElo "1701"]
[PlyCount "0"]
[EventDate "2015.11.12"]

1.e4 c6 2.d4 d5 3.Nc3 dxe4 4.Nxe4 Bf5 5.Ng3 Bg6 6.Nh3 e6 7.Nf4
Qh4 8.Nxg6 hxg6 9.c3 Nd7 10.Qb3 Rb8 11.Be3 Bd6 12.Bd3 Ngf6 13.O-O-O
b5 14.Rhe1 a6 15.Bxg6 O-O 16.Bxf7+ Rxf7 17.Qxe6 Bxg3 18.hxg3
Qg4 19.Qxc6 Rb6 20.Qa8+ Rb8 21.Qxa6 b4 22.Bf4 Rb6 23.Qc8+ Rf8
24.Qc4+ Rf7 25.Re7 Qg6 26.Bc7 Rb7 27.Bd6 bxc3 28.Qc8+ Rf8 29.Qxb7
cxb2+ 30.Kxb2 Qf5 31.Qb3+ Kh8 32.Rh1+ Nh7 33.f4 Ndf6 34.Re5 Qd7
35.Bxf8 Qxd4+ 36.Qc3 Qf2+ 37.Ka3 Qa7+ 38.Ra5 Qb7 39.Bb4 1-0

[Event "Ïåðâåíñòâî Ìîñêâû ïî øàõìàòàì 2015 ñðåäè ìàëü÷èêîâ (Ì13)"]
[Site "Moscow"]
[Date "2015.11.13"]
[Round "2.26"]
[White "Êàðëîâ, Åãîð"]
[Black "Ôåéçóëëèí, Äàíèÿð"]
[Result "1-0"]
[WhiteElo "1681"]
[BlackElo "1419"]
[PlyCount "0"]
[EventDate "2015.11.12"]

1.c4 c5 2.g3 Nc6 3.Bg2 g6 4.Nc3 Bg7 5.a3 a6 6.Rb1 d6 7.b4 Be6
8.bxc5 dxc5 9.Rxb7 Nd4 10.Qa4+ Kf8 11.Nh3 Bc8 12.Rb1 Bd7 13.Qd1
Bf5 14.d3 Rb8 15.Bd2 Rxb1 16.Qxb1 Nf6 17.Nf4 Nd7 18.Nfd5 e6 19.Ne3
e5 20.Ned5 Nf6 21.Bg5 h6 22.Bxf6 Bxf6 23.Nxf6 Qxf6 24.Nd5 Qg5
25.Qb8+ Kg7 26.Qxe5+ Kg8 27.O-O Be6 28.Qe4 Bxd5 29.cxd5 Qd2 30.Bf3
Nxf3+ 31.Qxf3 Kg7 32.Rb1 Re8 33.Rb7 Rf8 34.d6 Qa2 35.d7 Qa1+
36.Kg2 Qa2 37.Rc7 h5 38.Rc8 1-0